000 00658nam a22001937a 4500
003 OSt
005 20240902112935.0
008 240902b ||||| |||| 00| 0 eng d
040 _cAIMIT LIBRARY
100 _aAcharya, Nithish.
_e2216118
_9178427
245 _aVolatility analysis of selected BSE sectoral indices using Garch model /
_cBy NIthish Acharya ; Guided by Justine James.
260 _aGujarat ;
_c2024.
650 _aIndustry profile
_9178428
650 _aResearch questions
_9178429
650 _aData source
_9178430
700 _aJames, Justine.
_eGuide
_9178431
856 _3Econo Broking Pvt Ltd
_ywww.econobroking.com
942 _2ddc
_cPRO
999 _c231693
_d231693